Human diseases / (Record no. 16755)
[ view plain ]
| 000 -LEADER | |
|---|---|
| fixed length control field | 01421cam a22003134a 4500 |
| 001 - CONTROL NUMBER | |
| control field | 15798227 |
| 005 - DATE AND TIME OF LATEST TRANSACTION | |
| control field | 20161116150410.0 |
| 008 - FIXED-LENGTH DATA ELEMENTS--GENERAL INFORMATION | |
| fixed length control field | 090630s2010 at a 001 0 eng |
| 010 ## - LIBRARY OF CONGRESS CONTROL NUMBER | |
| LC control number | 2009931728 |
| Canceled/invalid LC control number | 2009928411 |
| 020 ## - INTERNATIONAL STANDARD BOOK NUMBER | |
| International Standard Book Number | 9781435427518 |
| 020 ## - INTERNATIONAL STANDARD BOOK NUMBER | |
| International Standard Book Number | 1435427513 |
| 040 ## - CATALOGING SOURCE | |
| Original cataloging agency | DLC |
| Transcribing agency | DLC |
| Modifying agency | DLC |
| 042 ## - AUTHENTICATION CODE | |
| Authentication code | pcc |
| 050 00 - LIBRARY OF CONGRESS CALL NUMBER | |
| Classification number | RB111 |
| Item number | .J66 2010 |
| 100 1# - MAIN ENTRY--PERSONAL NAME | |
| Personal name | Neighbors, Marianne. |
| 245 10 - TITLE STATEMENT | |
| Title | Human diseases / |
| Statement of responsibility, etc. | Marianne Neighbors, Ruth Tannehill-Jones. |
| 250 ## - EDITION STATEMENT | |
| Edition statement | 3rd ed. |
| 260 ## - PUBLICATION, DISTRIBUTION, ETC. (IMPRINT) | |
| Place of publication, distribution, etc. | Australia ; |
| Name of publisher, distributor, etc. | United States : |
| -- | Delmar Cengage Learning, |
| Date of publication, distribution, etc. | c2010. |
| 300 ## - PHYSICAL DESCRIPTION | |
| Extent | xxix, 544 p. : |
| Other physical details | col. ill. ; |
| Dimensions | 28 cm. + |
| Accompanying material | 1CD-ROM (4 3/4 in.) |
| 500 ## - GENERAL NOTE | |
| General note | Includes index. |
| 650 #0 - SUBJECT ADDED ENTRY--TOPICAL TERM | |
| Topical term or geographic name as entry element | Pathology. |
| 700 1# - ADDED ENTRY--PERSONAL NAME | |
| Personal name | Tannehill-Jones, Ruth. |
| 942 ## - ADDED ENTRY ELEMENTS (KOHA) | |
| Source of classification or shelving scheme | |
| Koha item type | Hard Covered Materials |
| Classification part | RB111 .J66 2010 |
| Withdrawn status | Lost status | Source of classification or shelving scheme | Damaged status | Not for loan | Home library | Current library | Shelving location | Date acquired | Source of acquisition | Total Checkouts | Full call number | Barcode | Date last seen | Price effective from | Koha item type |
|---|---|---|---|---|---|---|---|---|---|---|---|---|---|---|---|
| MACHAKOS UNIVERSITY LIBRARY | MACHAKOS UNIVERSITY LIBRARY | Open shelf | 16/11/2016 | Donation(B.F.A) | RB111 .J66 2010 | 27968 | 07/06/2019 | 16/11/2016 | Hard Covered Materials |